| 000 | 00436pab a2200145 454500 | ||
|---|---|---|---|
| 008 | 180718b2000 xxu||||| |||| 00| 0 eng d | ||
| 100 | _aGaba, David M. | ||
| 245 | _aStructural and organizational issues in patient safety: a comparison of health care to other high-hazard industries | ||
| 260 | _c2000 | ||
| 300 | _ap.83-102 | ||
| 362 | _aFall | ||
| 650 | _aHealth services | ||
| 773 | _aCalifornia Management Review | ||
| 909 | _a47593 | ||
| 999 |
_c47593 _d47593 |
||